Croatia quiz - Statistics

General Stats
  • This quiz has been taken 69 times
  • The average score is 4 of 8
Answer Stats
Question Answer % Correct
what is the capital of Croatia? Zagreb
82%
currency in Croatia? euro
71%
what is the 2nd largest city in Croatia? Split
65%
where was game of thrones filmed? Dubrovnik
63%
who is the president of Croatia in 2025? Zoran Milanović
60%
when did Croatia gain independence? 1990
38%
what is the 3rd symbol on the Croatia coat of arms crown called Dalmatia
38%
who defended Croatia from Hungarians? ban Josip Jelačić
32%
No matching quizzes found
Score Distribution
Percent of People with Each Score
Percentile by Number Answered
Your Score History
You have not taken this quiz